Martin Opitz und die große Wende? : 400 Jahre "Buch von der Deutschen Poeterey" (1624-2024) /
Im Jahr 1624 erschien Martin Opitz ' "Buch von der Deutschen Poeterey". Im Anschluss an die europäische, späthumanistische Dichtung und Poetik des 16. Jahrhunderts formulierte Opitz hier prosodisch-metrische und stilistische Grundsätze für eine hochdeutsche Sprache und Literatur. Scho...
Other Authors:
Format: eBook
Language: English
Published:
Paderborn :
Ferdinand Schöningh, Brill | Fink,
2026.
Series:
Poesis ;
14.
Schöningh and Fink Literature and Culture Studies E-Books, Collection 2026.
Subjects:
Online Access: Login to view Source
Tags: Add Tag
Call Number: PK6530
| LEADER | 02937nam a22004938i 4500 | ||
|---|---|---|---|
| 001 | BRILL9783846769867 | ||
| 003 | nllekb | ||
| 005 | 20260324115026.0 | ||
| 006 | m d | ||
| 007 | cr un uuuua | ||
| 008 | 251016s2026 gw sb 001 0 eng d | ||
| 020 | |a 9783846769867 |q (electronic book) | ||
| 020 | |z 9783770569861 |q (print) | ||
| 024 | 7 | |a 10.30965/9783846769867 |2 DOI | |
| 040 | |a NL-LeKB |c NL-LeKB |e rda | ||
| 041 | |a eng | ||
| 050 | 4 | |a PK6530 | |
| 072 | 7 | |a DSBD |2 bicssc | |
| 072 | 7 | |a LIT |x 011000 |2 bisacsh | |
| 072 | 7 | |a LIT |x 015000 |2 bisacsh | |
| 072 | 7 | |a LIT |x 019000 |2 bisacsh | |
| 082 | 0 | 4 | |a 800 |2 23 |
| 245 | 0 | 0 | |a Martin Opitz und die große Wende? : |b 400 Jahre "Buch von der Deutschen Poeterey" (1624-2024) / |c edited by Astrid Dröse. |
| 246 | 3 | |a 400 Jahre "Buch von der Deutschen Poeterey" (1624-2024) | |
| 264 | 1 | |a Paderborn : |b Ferdinand Schöningh, Brill | Fink, |c 2026. | |
| 264 | 4 | |c ©2026 | |
| 300 | |a 1 online resource (280 pages) : |b illustrations. | ||
| 336 | |a text |b txt |2 rdacontent | ||
| 337 | |a computer |b c |2 rdamedia | ||
| 338 | |a online resource |2 rdacarrier | ||
| 490 | 1 | |a Poesis ; |v 14 | |
| 490 | 1 | |a Schöningh and Fink Literature and Culture Studies E-Books, Collection 2026 | |
| 504 | |a Includes bibliographical references and index. | ||
| 520 | |a Im Jahr 1624 erschien Martin Opitz ' "Buch von der Deutschen Poeterey". Im Anschluss an die europäische, späthumanistische Dichtung und Poetik des 16. Jahrhunderts formulierte Opitz hier prosodisch-metrische und stilistische Grundsätze für eine hochdeutsche Sprache und Literatur. Schon die Zeitgenossen sahen in der schmalen Schrift einen Wendepunkt für die deutsche Literatur. Der Band versammelt die ausgearbeiteten Vorträge einer Tagung, die anlässlich des 400-jährigen Erscheinens der "Poeterey" an der Universität Tübingen stattgefunden hat. Die Beiträge untersuchen Voraussetzungen, Vorbilder und Modelle der Opitzschen Schrift, ihr Verhältnis zu poetologischen, aber auch politischen Debatten oder berücksichtigen Aspekte der Intermedialität sowie des Kultur- und Literaturtransfers. Weiterhin steht das Verhältnis der "Poeterey" zu den "Deutschen (bzw. Teutschen) Poemata" sowie Fragen der Rezeption und Wirkung auf die Poetik und Dichtung der folgenden Generationen im Mittelpunkt. | ||
| 546 | |a English | ||
| 588 | |a Description based on print version record. | ||
| 650 | 0 | |a Literature and Cultural Studies. | |
| 650 | 0 | |a Literature, Arts & Science. | |
| 700 | 1 | |a Dröse, Astrid, |e editor. | |
| 776 | 0 | 8 | |i Print version: |t Martin Opitz und die große Wende? : 400 Jahre "Buch von der Deutschen Poeterey" (1624-2024). |d Paderborn : Ferdinand Schöningh, Brill | Fink, 2026. |z 9783770569861 |w (OCoLC)1519560851 |
| 830 | 0 | |a Poesis ; |v 14. | |
| 830 | 0 | |a Schöningh and Fink Literature and Culture Studies E-Books, Collection 2026. | |
| 856 | 4 | |z DOI: |u http://dx.doi.org/10.30965/9783846769867 | |
| 999 | |c 61989 |d 61989 | ||
